| 000 | 00774nam a2200253 i 4500 | ||
|---|---|---|---|
| 001 | bg | ||
| 100 | 1 | _aKASSYK-ROKICKA, Helena | |
| 245 | 1 | 0 |
_aMierniki statystyczne / _cHelena Kassyk-Rokicka. |
| 250 | _aWyd. 5 zm. | ||
| 260 |
_aWarszawa : _bPolskie Wydaw. Ekonomiczne, _c1997. |
||
| 300 |
_a189, [3] s. : _bil. ; _c21 cm. |
||
| 490 | 1 |
_aStatystyka nie jest trudna ; _v1 |
|
| 504 | _aIndeks. | ||
| 650 | 9 |
_aStatystyka _xmetody |
|
| 830 | _aStatystyka nie jest trudna ; | ||
| 020 | _a8320810655 | ||
| 040 | _cBPK | ||
| 041 | 0 | _apol | |
| 080 | _a311:519.2 | ||
| 920 | _a83-208-1065-5 | ||
| 942 | _cKS | ||
| 008 | s pl f |000 0 pol | ||
| 999 |
_c45206 _d45206 |
||
| 856 |
_uhttp://koha.tu.koszalin.pl/cgi-bin/koha/opac-detail.pl?biblionumber=45206 _yKatalog online BPK |
||